00353nam a2200133Ia 4500008004100000041000800041082001400049100001700063245004200080250001700122260003700139300001200176650003100188231208s9999 xx 000 0 und d aeng a658.8/BRA aBrandon Eley aThe Art & Science of Online Marketing a2009 1st Ed. bShroff Pub. & Distr. Ltd. Mumbai aPB/556/ aComnputer Program Language